Sports Quiz

Random Sports or Letter Quiz

Big 4 Teams 6 to 1 Quiz Stats

 Plays Quiz Updated Jun 12, 2018

Challenge
Share
Tweet
Embed
Score 0/21 Timer 03:00
0 Plays Today
Hint Answer % Correct
R in MLBReds
91.1%
R in MLBRed Sox
85.1%
T in NBATimberwolves
80%
R in MLBRangers
78.6%
C in NFLChargers
78.2%
C in NFLCardinals
72.2%
C in NFLChiefs
69.2%
C in NFLCowboys
68.5%
C in NFLColts
68.2%
G in NBAGrizzlies
67.9%
R in MLBRays
67.2%
Hint Answer % Correct
S in NHLSharks
64.4%
R in MLBRoyals
63.5%
R in MLBRockies
59.7%
T in NBAThunder
55.7%
F in NHLFlyers
55.5%
F in NHLFlames
55.1%
S in NHLSenators
54.5%
S in NHLSabres
48.5%
S in NHLStars
46.5%
T in NBATrail Blazers
42%

You're not logged in!

Compare scores with friends on all Sporcle quizzes.
Join for Free
OR
Log In

You Might Also Like...

Show Comments

Extras

Top Quizzes Today


Score Distribution

Your Account Isn't Verified!

In order to create a playlist on Sporcle, you need to verify the email address you used during registration. Go to your Sporcle Settings to finish the process.

Report this User

Report this user for behavior that violates our Community Guidelines.

Details: